00332nam a2200145Ia 4500008004100000020001800041041000800059082001600067100002100083245002200104250000600126260002000132300001200152650002200164210716s2018 xx 000 0 und d a9789386021106 aeng a374.22 THAS aTharoor, Shashi. aWhy i am a hindu. a1 aNew Delhic2018 axvi,302 aGeneral Knowledge